01521cam a22003737a 4500003000500000005001700005008004100022010001000063011001000073035001000083040000900093090001000102100004500112245020500157260005100362300001900413502007200432590003700504590004100541590004100582590004100623590004200664650003100706650005600737650005500793650003500848650002800883901000700911905002600918942001000944949004900954999001701003952012701020CHAP20220329142755.0030828d2003 mx r 00110 spa d a87619 a88591 a99136 cCHAP aTesis00aMiranda Moreno, Andrés Gelacio.97609510aInfluencia de los parámetros edáficos en el establecimiento y distribución de la vegetación en el municipio de Santiago Chazumba, Mixteca Alta Oaxaqueñac/por Andrés Gelacio Miranda Moreno aLos Reyes Iztacala, Méx. :bEl autor,c2003. a92 h. :bilus. aTesis (Biólogo) -- UNAM. Facultad de Estudios Superiores Iztacala aALEPHb10c20130110lUCH01h1455 aBATCH-UPDb10c20130110lUCH01h0547 aBATCH-UPDb10c20130410lUCH01h0228 aBATCH-UPDb10c20130914lUCH01h0737 aCONVERSIONb10c20130109lUCH01h134914aBotánicazOaxaca.91464414aRecursos naturalesxAprovechamientozOaxaca.99520114aRecursos naturalesxConservaciónxOaxaca.99524514aSuelosxDegradación.911033614aSuelosxOaxaca.9110454 aBK aAlejandra Carrasco M. cTESIS aTesisbBCcTESd991361eTS1h41313i99136sb c87619d87619 00102local4051708TESISaBCbBCcPA_TESISd2019-12-31fTESISl0oTesisp991361r2019-12-31 00:00:00w2019-12-31yTESIS